Statistics for Top 50 Countries With The Lowest HDI

Click here to take the quiz!

General Stats

  • This quiz has been taken 156 times
  • The average score is 40 of 50

Answer Stats

HDICountry% Correct
0.480DR Congo
90%
0.545Benin
89%
0.397Central African Republic
89%
0.477Guinea
89%
0.394Niger
89%
0.505Sudan
89%
0.515Togo
89%
0.510Afghanistan
88%
0.433South Sudan
88%
0.609Kenya
87%
0.539Nigeria
87%
0.430Burundi
86%
0.398Chad
86%
0.571Zimbabwe
86%
0.581Angola
85%
0.460Eritrea
85%
0.543Rwanda
85%
0.529Tanzania
85%
0.544Uganda
85%
0.584Zambia
85%
0.574Congo
84%
0.434Mali
84%
0.527Lesotho
83%
0.528Madagascar
83%
0.512Senegal
83%
0.570Syria
83%
0.563Cameroon
82%
0.611Eswatini
82%
0.456Mozambique
82%
0.470Yemen
82%
0.485Ethiopia
81%
0.496Gambia
81%
0.524Djibouti
80%
0.480Liberia
80%
0.554Comoros
79%
0.483Malawi
79%
0.546Mauritania
79%
0.511Haiti
78%
0.538Ivory Coast
78%
0.455Sierra Leone
76%
0.452Burkina Faso
75%
0.555Papua New Guinea
75%
0.557Pakistan
74%
0.613Laos
73%
0.594Cambodia
71%
0.592Equatorial Guinea
69%
0.583Myanmar
68%
0.567Solomon Islands
59%
0.602Nepal
58%
0.610Vanuatu
50%

Score Distribution

Percentile by Number Answered

Percent of People with Each Score

Your Score History

You have not taken this quiz